000
00304nam a2200121Ia 4500
005
20251222144804.0
008
251222s9999||||xx |||||||||||||| ||spa||
082
_a
289.5/A77
100
_a
Arroyo MartÃnez, Mario Salvador
245
0
_a
Poder, dinero y santidad:
264
_b
ARS Ediciones
942
_c
LIB
999
_c
19827
_d
19827